UBT Library

ORGANIZATIONAL BEHAVIOR (Record no. 38270)

000 -LEADER
fixed length control field 00303nam a22001337a 4500
008 - FIXED-LENGTH DATA ELEMENTS--GENERAL INFORMATION
fixed length control field 171113b xxu||||| |||| 00| 0 eng d
020 ## - INTERNATIONAL STANDARD BOOK NUMBER
International Standard Book Number 9780324581195
041 ## - LANGUAGE CODE
Language code of text/sound track or separate title eng
080 ## - UNIVERSAL DECIMAL CLASSIFICATION NUMBER
Universal Decimal Classification number 331.101.262
100 ## - Rafti
Rafti 52
101 ## - Shkurtesa
Shkurtesa BNJ
245 ## - TITLE STATEMENT
Title ORGANIZATIONAL BEHAVIOR
Statement of responsibility, etc HELLRIEGEL,D
942 ## - ADDED ENTRY ELEMENTS (KOHA)
Source of classification or shelving scheme
Item type Books
Holdings
Withdrawn status Lost status Source of classification or shelving scheme Damaged status Not for loan Collection code Permanent location Current location Shelving location Date acquired Total Checkouts Full call number Barcode Date last seen Price effective from Koha item type
          Koleksioni i përgjithshem UBT - Lipjan UBT - Lipjan Koleksioni i përgjithshem 11/13/2017   331.101.262 HEL 002-2937955 11/13/2017 11/13/2017 Books
          Koleksioni i përgjithshem UBT - Lipjan UBT - Lipjan Koleksioni i përgjithshem 11/13/2017   331.101.262 HEL 002-2937950 11/13/2017 11/13/2017 Books
UBT Library © 2015-2024. All rights reserved University Education for Business and Technology